00550nam a22001817a 450000100060000000300080000600500170001400800410003103500190007204000350009104100080012608200220013410000330015624500950018926000380028430000200032265000260034251252BD-RjUL20211209075630.0160830s1946 pak||||| |||| 00| 0 eng d a(BD-RjUL)51372 aBD-RjULbengcBD-RjULdBD-RjUL aeng 223a915bKHB 1946 aKhan, Mohammad Abdur Rahman  aA brief survey of Muslim contribution to science and culture /cMohammad Abdur Rahman Khan aLahore :bMuhammad Ashraf,c1946. a83 p. ;c24 cm. aIslamic civilization.